000
00195 a2200097 4500
020
_a
9780375725609
041
_a
eng
100
_a
Erik Larson
245
_a
The devil in the white city
942
_c
K
999
_c
26959
_d
26959